书目信息 |
| 题名: |
地球概论
|
|
| 作者: | 金祖孟 编著 | |
| 分册: | ||
| 出版信息: | 北京 高等教育出版社 1997 |
|
| 页数: | 208页 | |
| 开本: | 26cm | |
| 丛书名: | ||
| 单 册: | ||
| 中图分类: | P183 | |
| 科图分类: | ||
| 主题词: | 地球 | |
| 电子资源: | ||
| ISBN: | 7-04-005899-5 | |
| 000 | 00605nam0 2200229 45 | |
| 001 | 0178005993 | |
| 005 | 20070622114327.09 | |
| 010 | @a7-04-005899-5@dCNY16.00 | |
| 100 | @a19950726d1997 em y0chiy0121 ea | |
| 101 | 0 | @achi |
| 102 | @aCN@b110000 | |
| 105 | @ay z 000yy | |
| 200 | 10 | @a地球概论@Adi qiu gai lun@f金祖孟编著@FJin Zu Meng Bian Zhu |
| 205 | @a3版 | |
| 210 | @a北京@c高等教育出版社@d1997 | |
| 215 | @a208页@d26cm@e教具图1册 | |
| 300 | @a高等学校试用教材 | |
| 606 | @a地球 | |
| 690 | @aP183@v3 | |
| 701 | 0 | @a金祖孟@4编著 |
| 801 | 0 | @aCN@bNLC@c20070622 |
| 905 | @dP183@e12=3@f1@b158146 | |
| 地球概论/金祖孟编著.-3版.-北京:高等教育出版社,1997 |
| 208页;26cm+教具图1册 |
| 高等学校试用教材 |
| ISBN 7-04-005899-5:CNY16.00 |
| ● |
| 相关链接 |
|
|
|
|
正题名:地球概论
索取号:P183/12=3
 
预约/预借
| 序号 | 登录号 | 条形码 | 馆藏地/架位号 | 状态 | 备注 |
| 1 | 0663047 | 206630476 | 第二样本阅览室/ [索取号:P183/12=3] | 在馆 | |
| 2 | 0668905 | 206689056 | 库房3/ [索取号:P183/12=3] | 在馆 | |
| 3 | 0668906 | 206689065 | 库房3/ [索取号:P183/12=3] | 在馆 |